| 000 | 00402nam a22001457a 4500 | ||
|---|---|---|---|
| 020 | _a1-86094-515-5 | ||
| 082 |
_a625.1 _bBON |
||
| 100 |
_aN-01, P-146 _943448 |
||
| 245 | _aPractical Railway Engineering | ||
| 260 |
_aSingapore _bFulsland Offset Printing (s) pte ltd. |
||
| 300 |
_axxi, 190 p. : _bill. : _c6 Cm |
||
| 526 |
_a0 _b0 _c0 _d625_100000000000000_BON |
||
| 650 |
_aMCE _9379 |
||
| 942 |
_2ddc _cBK |
||
| 999 |
_c547254 _d547254 |
||